Dimensions of national cultures and the cross-cultural differences

Salvato in:
Dettagli Bibliografici
Autore principale: Trnovcová, Daniela
Natura: Capitolo di libro
Lingua:inglese
Soggetti:
Tags: Aggiungi Tag
Nessun Tag, puoi essere il primo ad aggiungerne!!

MARC

LEADER 00000nla a2200000 4500
001 0224316
005 20240502073655.7
041 0 |a eng 
044 |a SK 
245 1 0 |a Dimensions of national cultures and the cross-cultural differences  |c Daniela Trnovcová 
610 2 0 |a manažment 
610 2 0 |a riadenie 
610 2 0 |a vedenie podniku 
610 2 0 |a štýl vedenia 
610 2 0 |a kultúra 
610 2 0 |a komunikácia interkultúrna 
610 2 0 |a podnik multinacionálny 
100 1 |a Trnovcová, Daniela